| 000 | 00844nam a22002177a 4500 | ||
|---|---|---|---|
| 999 |
_c2490 _d2490 |
||
| 003 | AR-CdUCM | ||
| 008 | 190304b ||||| |||| 00| 0 spa d | ||
| 040 |
_aMUNICIPALIDAD PROVINCIAL DEL CUSCO _cBIBLIOTECA MUNICIPAL DEL CUSCO |
||
| 082 |
_a371 / _bM44 |
||
| 100 |
_aMesser, August _98877 |
||
| 245 | _aFundamentos filosóficos de la pedagógia / | ||
| 260 |
_aMéxico : _bNacional, _c1965. |
||
| 300 |
_a180 páginas ; _c17.5 cm. |
||
| 505 | _aContenido: Filosofía y pedagogia -- Filosofía de la religión -- Filosofía del conocimiento -- Filosofía de la vivencia estética y del arte -- Filosofía de la moralidad y del derecho ... | ||
| 650 |
_aReligiosidad _93962 |
||
| 650 |
_aConocimiento _95704 |
||
| 650 |
_aMoral y derecho _98878 |
||
| 700 |
_aRovira y Ermengol. José (traductor) _98879 |
||
| 942 |
_2ddc _cLIBROS |
||
| 945 | _aafb | ||